[Event "Politiken Cup 2011"]
[Site "Helsingor"]
[Date "2011.08.05"]
[Round "8.112"]
[White "Nielsen, Jens Holm"]
[Black "Madison, Sigurd"]
[Result "0-1"]
[WhiteElo "1920"]
[BlackElo "1749"]
[PlyCount "52"]
[EventDate "2011.??.??"]
[WhiteTeam "Amager"]
[BlackTeam "LASK"]

1. e4 e5 2. Nf3 Nc6 3. d4 exd4 4. Nxd4 Nxd4 5. Qxd4 d6 6. Nc3 Nf6 7. Bg5 Be7 8.
O-O-O O-O 9. f3 Be6 10. Kb1 c6 11. e5 dxe5 12. Qxe5 Qb6 13. Bd3 Rad8 14. Be3 c5
15. Bf2 Nd7 16. Qe4 Nf6 17. Qe2 Qa5 18. Bc4 Bxc4 19. Qxc4 a6 20. Rxd8 Rxd8 21.
Qe2 Bd6 22. Bh4 Re8 23. Qd3 Be5 24. Re1 g5 25. Bxg5 c4 26. Bd2 cxd3 0-1

[Event "Politiken Cup 2011"]
[Site "Helsingor"]
[Date "2011.08.05"]
[Round "8.113"]
[White "Marshall, Michael"]
[Black "Larsen, Hans Haagen"]
[Result "1-0"]
[WhiteElo "1918"]
[BlackElo "1732"]
[PlyCount "67"]
[EventDate "2011.??.??"]
[WhiteTeam "Odysseus"]
[BlackTeam "AS04"]

1. d4 d5 2. Nf3 Nf6 3. e3 Bf5 4. c4 c6 5. cxd5 cxd5 6. Qb3 Qb6 7. Qxb6 axb6 8.
Nc3 Nbd7 9. Bb5 e6 10. Bd2 h5 11. Ne5 Bb4 12. Ke2 Ke7 13. a3 Bxc3 14. Bxc3 Rhd8
15. Bb4+ Ke8 16. Rac1 Rac8 17. Bd6 Rc2+ 18. Rxc2 Bxc2 19. Rc1 Rc8 20. Ba4 b5
21. Rxc2 Rxc2+ 22. Bxc2 Nb6 23. b3 Ne4 24. Bb4 f6 25. Nd3 h4 26. f3 Ng5 27. Nc5
e5 28. dxe5 fxe5 29. Bg6+ Kd8 30. Ba5 Kc7 31. f4 Kc6 32. Bb4 Ne4 33. Nxe4 dxe4
34. Bxe4+ 1-0

[Event "Politiken Cup 2011"]
[Site "Helsingor"]
[Date "2011.08.05"]
[Round "8.114"]
[White "Aartun, Eivind"]
[Black "Tandrup, Michael"]
[Result "1/2-1/2"]
[WhiteElo "1747"]
[BlackElo "1917"]
[PlyCount "104"]
[EventDate "2011.??.??"]
[WhiteTeam "Stavanger"]
[BlackTeam "Herlev"]

1. e4 d5 2. exd5 Qxd5 3. Nc3 Qa5 4. Nf3 Nf6 5. d4 c6 6. Bd3 Bg4 7. O-O e6 8. h3
Bh5 9. a3 Nbd7 10. Bf4 Be7 11. Re1 O-O 12. b4 Qd8 13. Be2 Nd5 14. Nxd5 cxd5 15.
Ne5 Bxe2 16. Rxe2 Rc8 17. Re3 Nxe5 18. dxe5 Bg5 19. Bxg5 Qxg5 20. c3 Rc7 21.
Qd4 b6 22. Rae1 Rc4 23. Qd3 Rfc8 24. Rg3 Qe7 25. Qd2 Qh4 26. Ree3 Qh6 27. Qe2
g6 28. Kh2 Kf8 29. a4 a6 30. Qb2 Qf4 31. Qe2 h5 32. Ref3 Qh6 33. Rf6 Kg7 34.
Rgf3 R8c7 35. Qc2 b5 36. axb5 axb5 37. Qe2 h4 38. g3 hxg3+ 39. fxg3 d4 40. Qf2
Kg8 41. Rxf7 Rxf7 42. Rxf7 dxc3 43. Rd7 Qf8 44. Qc2 Qf5 45. Qg2 Rc8 46. Qb7
Qf2+ 47. Kh1 Qf1+ 48. Kh2 Qf2+ 49. Kh1 Qf1+ 50. Kh2 Qf2+ 51. Kh1 Qf1+ 52. Kh2
Qf2+ 1/2-1/2

[Event "Politiken Cup 2011"]
[Site "Helsingor"]
[Date "2011.08.05"]
[Round "8.115"]
[White "Salomonson, Sixten"]
[Black "Hansen, Verner"]
[Result "1/2-1/2"]
[WhiteElo "1742"]
[BlackElo "1915"]
[PlyCount "109"]
[EventDate "2011.??.??"]
[WhiteTeam "HG Schack Helsingborg"]
[BlackTeam "Espergærde"]

1. e4 d5 2. exd5 Qxd5 3. Nc3 Qa5 4. d4 c6 5. Nf3 Nf6 6. Bc4 Bf5 7. Bd2 e6 8.
Ne5 Qd8 9. Bg5 h6 10. Bxf6 Qxf6 11. Qe2 Bd6 12. O-O-O Bxe5 13. dxe5 Qg5+ 14.
Kb1 Nd7 15. g3 O-O-O 16. Rhe1 Nb6 17. Bb3 Nd5 18. Ne4 Bxe4 19. Qxe4 Rd7 20. c4
Nb6 21. Rxd7 Nxd7 22. f4 Qe7 23. Qe3 Qc5 24. Qxc5 Nxc5 25. Bc2 Rd8 26. Rd1 Rd7
27. Kc1 Kd8 28. Rxd7+ Nxd7 29. Kd2 f6 30. exf6 gxf6 31. Ke3 Ke7 32. g4 e5 33.
Ke4 Ke6 34. b4 c5 35. a3 b6 36. Kf3 cxb4 37. axb4 a5 38. bxa5 bxa5 39. h4 Nc5
40. g5 fxg5 41. fxg5 hxg5 42. hxg5 a4 43. Ke3 a3 44. Bb1 e4 45. Kd2 Ke5 46. g6
Kf6 47. Kd1 Kxg6 48. Bxe4+ Nxe4 49. Kc2 a2 50. Kb2 Nc3 51. c5 Kf6 52. c6 Ke7
53. c7 Kd7 54. c8=Q+ Kxc8 55. Ka1 1/2-1/2

[Event "Politiken Cup 2011"]
[Site "Helsingor"]
[Date "2011.08.05"]
[Round "8.132"]
[White "Kyrkjebo, Eirik"]
[Black "Simonsen, Per"]
[Result "1-0"]
[WhiteElo "1747"]
[BlackElo "1912"]
[PlyCount "33"]
[EventDate "2011.??.??"]
[WhiteTeam "Stavanger"]

1. e4 c5 2. Nc3 e5 3. g3 Nc6 4. Bg2 d6 5. d3 h6 6. Nge2 Nf6 7. O-O Bg4 8. h3
Be6 9. f4 a6 10. f5 Bd7 11. g4 Be7 12. Ng3 Nd4 13. Nd5 Nxd5 14. exd5 Bh4 15.
Ne4 Qe7 16. a4 b5 17. c3 1-0

[Event "Politiken Cup 2011"]
[Site "Helsingor"]
[Date "2011.08.05"]
[Round "8.116"]
[White "Larsen, Henrik Falk"]
[Black "Hinrichs, Lars"]
[Result "0-1"]
[WhiteElo "1619"]
[BlackElo "1894"]
[PlyCount "34"]
[EventDate "2011.??.??"]
[WhiteTeam "Enkeltmedlem"]
[BlackTeam "Hamburger Schachklub"]

1. d4 d5 2. e3 Nf6 3. c4 e6 4. a3 c6 5. Nc3 Bd6 6. c5 Bc7 7. b4 Nbd7 8. Nf3 e5
9. dxe5 Nxe5 10. Be2 O-O 11. Bb2 Qe7 12. O-O Bf5 13. Nxe5 Bxe5 14. g3 Rfd8 15.
Bd3 d4 16. Nd5 Rxd5 17. Bxf5 dxe3 0-1

[Event "Politiken Cup 2011"]
[Site "Helsingor"]
[Date "2011.08.05"]
[Round "8.117"]
[White "Johnsen, Oystein"]
[Black "Rasmussen, Morten"]
[Result "1-0"]
[WhiteElo "1724"]
[BlackElo "1889"]
[PlyCount "85"]
[EventDate "2011.??.??"]
[WhiteTeam "Tonsberg"]
[BlackTeam "Enkeltmedlem"]

1. d4 d5 2. Nc3 Nf6 3. Bg5 c5 4. e3 Nc6 5. dxc5 e6 6. a3 Bxc5 7. Nf3 h6 8. Bh4
a6 9. Be2 O-O 10. O-O Qe7 11. Nd4 Ne5 12. e4 Rd8 13. exd5 g5 14. Bg3 Nc6 15.
Nxc6 bxc6 16. d6 Bxd6 17. Bd3 c5 18. Qe2 Bb7 19. Rad1 Qc7 20. Bxd6 Rxd6 21. Qe5
Kg7 22. Be4 Rd7 23. Qxc7 Rxc7 24. Bxb7 Rxb7 25. b3 Kf8 26. Rd6 Rd7 27. Rfd1 Ke7
28. Rxd7+ Nxd7 29. Kf1 Rb8 30. Ke2 Ne5 31. h3 Nc6 32. Rd2 Nd4+ 33. Kd1 f5 34.
Na4 Rc8 35. b4 Nb5 36. Nxc5 Nxa3 37. Rd7+ Kf6 38. Ra7 Rd8+ 39. Kc1 Rd4 40. Rxa6
Nb5 41. Rxe6+ Kg7 42. Rb6 Nc3 43. Ne6+ 1-0

[Event "Politiken Cup 2011"]
[Site "Helsingor"]
[Date "2011.08.05"]
[Round "8.118"]
[White "Rasmussen, Jonas H"]
[Black "Storch, Dominik"]
[Result "1/2-1/2"]
[WhiteElo "1598"]
[BlackElo "1883"]
[PlyCount "63"]
[EventDate "2011.??.??"]
[WhiteTeam "Bergen"]
[BlackTeam "Sabt Franfurter SV 1860"]

1. d4 d5 2. c4 c6 3. Nc3 e6 4. Nf3 f5 5. Bf4 Nf6 6. e3 Be7 7. Bd3 O-O 8. O-O
Bd7 9. Ne5 Ne4 10. Qb3 Qc8 11. Bxe4 fxe4 12. c5 Be8 13. Ne2 Nd7 14. h3 Bf6 15.
Nxd7 Qxd7 16. Bd6 Rf7 17. Qd1 g5 18. Ng3 Rg7 19. Qg4 b6 20. b4 b5 21. Rfe1 Bg6
22. a3 a5 23. Rf1 Qe8 24. Qe2 axb4 25. axb4 Rga7 26. Qb2 Bg7 27. Rfe1 h5 28.
Rf1 Qc8 29. Rxa7 Rxa7 30. Ra1 Qa8 31. Rxa7 Qxa7 32. Ne2 1/2-1/2

[Event "Politiken Cup 2011"]
[Site "Helsingor"]
[Date "2011.08.05"]
[Round "8.119"]
[White "Frederiksen, Jens"]
[Black "Lindholm, Lars"]
[Result "0-1"]
[WhiteElo "1876"]
[BlackElo "1722"]
[PlyCount "68"]
[EventDate "2011.??.??"]
[WhiteTeam "Caissa Woluwè"]
[BlackTeam "HaSS"]

1. e4 g6 2. d4 Nf6 3. e5 Nh5 4. Be2 d6 5. Bxh5 gxh5 6. Qxh5 dxe5 7. Qxe5 Rg8 8.
Bf4 Nc6 9. Qe4 Qxd4 10. Nc3 Qxe4+ 11. Nxe4 Nb4 12. O-O-O Bf5 13. f3 Rxg2 14. c3
Nc6 15. Bxc7 Bh6+ 16. Kb1 Rc8 17. Bg3 Na5 18. Rd5 Bxe4+ 19. fxe4 Nc4 20. Nf3
Nxb2 21. Rg1 Re2 22. Bf4 Bf8 23. Nd2 Na4 24. Rd3 Nxc3+ 25. Ka1 Na4 26. Kb1 Rc6
27. Be5 Nc5 28. Rd4 f6 29. Bb8 Bh6 30. Rd1 Be3 31. Rd5 Na4 32. Rc1 Nc3+ 33.
Rxc3 Rxc3 34. Kb2 Rc8 0-1

[Event "Politiken Cup 2011"]
[Site "Helsingor"]
[Date "2011.08.05"]
[Round "8.122"]
[White "Amarapala, Sherington"]
[Black "Nielsen, Steen G"]
[Result "1/2-1/2"]
[WhiteElo "1709"]
[BlackElo "1870"]
[PlyCount "50"]
[EventDate "2011.??.??"]
[WhiteTeam "Lorenskog"]
[BlackTeam "Odysseus"]

1. e4 c5 2. Nf3 g6 3. d4 cxd4 4. Nxd4 Nc6 5. Nc3 Bg7 6. Be3 Nf6 7. Bc4 O-O 8.
Qd2 Ng4 9. Nxc6 dxc6 10. f3 Nxe3 11. Qxe3 Qa5 12. O-O-O Bxc3 13. Qxc3 Qxc3 14.
bxc3 b5 15. Bb3 Kg7 16. Rhe1 a5 17. a4 Ra7 18. c4 b4 19. c5 f5 20. Rd4 Rd7 21.
Rxd7 Bxd7 22. exf5 Kf6 23. fxg6 hxg6 24. c3 bxc3 25. Kc2 Rh8 1/2-1/2

[Event "Politiken Cup 2011"]
[Site "Helsingor"]
[Date "2011.08.05"]
[Round "8.135"]
[White "Lindgaard, Tobias"]
[Black "Borg, Flemming"]
[Result "0-1"]
[WhiteElo "1434"]
[BlackElo "1851"]
[PlyCount "64"]
[EventDate "2011.??.??"]
[WhiteTeam "Ribe"]
[BlackTeam "Allerød"]

1. c4 f5 2. g3 Nf6 3. Bg2 g6 4. d3 Bg7 5. Nc3 O-O 6. h4 h6 7. Nh3 e5 8. Qb3 Nc6
9. e4 Nd4 10. Qd1 c6 11. Be3 fxe4 12. Nxe4 Nxe4 13. dxe4 c5 14. O-O d6 15. Kh1
Be6 16. Qc1 Kh7 17. f4 Ne2 18. Qe1 Bxc4 19. Rd1 Nd4 20. Rf2 Bxa2 21. Bf1 Be6
22. Rh2 Qd7 23. Bxd4 cxd4 24. f5 gxf5 25. exf5 Bxf5 26. Ng5+ hxg5 27. hxg5+ Kg8
28. g4 Bxg4 29. Qh4 Bxd1 30. Bc4+ d5 31. g6 Bf3+ 32. Kg1 Rf4 0-1

[Event "Politiken Cup 2011"]
[Site "Helsingor"]
[Date "2011.08.05"]
[Round "8.124"]
[White "Erikstad, Olav"]
[Black "Seirup, Simon"]
[Result "1-0"]
[WhiteElo "1844"]
[BlackElo "1694"]
[PlyCount "71"]
[EventDate "2011.??.??"]
[WhiteTeam "Akademisk Sjakklubb Oslo"]
[BlackTeam "Jyderup"]

1. e4 c6 2. d4 d5 3. e5 Bf5 4. g4 Bg6 5. h4 h6 6. h5 Bh7 7. e6 fxe6 8. Bd3 Bxd3
9. Qxd3 Nf6 10. Qg6+ Kd7 11. Nf3 Kc8 12. Nc3 Qe8 13. Ne5 Qxg6 14. Nxg6 Rg8 15.
f3 Nbd7 16. Na4 Ne8 17. Bf4 Nd6 18. O-O-O b5 19. Nc3 Nb6 20. Rde1 Kd7 21. Re2
Nf7 22. Rhe1 e5 23. Nxe5+ Nxe5 24. Rxe5 Re8 25. Re6 Na8 26. Nb1 Nc7 27. Rg6 e5
28. Bxe5 Ne6 29. Kd1 Be7 30. Nd2 Bd8 31. f4 Bb6 32. c3 Bc7 33. f5 Bxe5 34.
fxe6+ Rxe6 35. Rxe6 Kxe6 36. Rxe5+ 1-0

[Event "Politiken Cup 2011"]
[Site "Helsingor"]
[Date "2011.08.05"]
[Round "8.125"]
[White "Hjornevik, Asbjorn"]
[Black "Jorgensen, Orla Eilegaard"]
[Result "1-0"]
[WhiteElo "1835"]
[BlackElo "1673"]
[PlyCount "35"]
[EventDate "2011.??.??"]
[WhiteTeam "Sandness"]
[BlackTeam "Allerød"]

1. a3 c5 2. e4 Nc6 3. Nf3 d6 4. Bb5 Nf6 5. Nc3 a6 6. Bxc6+ bxc6 7. O-O g6 8. d3
Bg7 9. Bg5 e5 10. Ne2 Qb6 11. Qd2 Qc7 12. Bh6 O-O 13. Bxg7 Kxg7 14. h3 d5 15.
Ng3 Be6 16. Qg5 dxe4 17. dxe4 Bc4 18. Nf5+ 1-0

[Event "Politiken Cup 2011"]
[Site "Helsingor"]
[Date "2011.08.05"]
[Round "8.77"]
[White "Hald, Morten Hansen"]
[Black "Jacobsen, Per"]
[Result "0-1"]
[WhiteElo "1829"]
[BlackElo "1670"]
[PlyCount "60"]
[EventDate "2011.??.??"]
[WhiteTeam "Køge"]
[BlackTeam "Ålborg"]

1. d4 Nf6 2. Nf3 g6 3. Nc3 Bg7 4. Bf4 d6 5. e3 c6 6. Be2 O-O 7. Qd2 b5 8. Ng5
Nbd7 9. Bf3 Qb6 10. g4 Bb7 11. h4 c5 12. d5 b4 13. Ne2 h6 14. Nh3 e5 15. Bxh6
Bxh6 16. g5 Bg7 17. gxf6 Nxf6 18. e4 Bc8 19. Qg5 Ba6 20. Qg2 Qb5 21. c4 bxc3
22. Nxc3 Qxb2 23. Rd1 Qxc3+ 24. Rd2 Bh6 25. Ng5 Rab8 26. Bd1 Rb2 27. f3 Rxa2
28. Rh3 Qe3+ 29. Re2 Bxe2 30. f4 Bf3+ 0-1

[Event "Politiken Cup 2011"]
[Site "Helsingor"]
[Date "2011.08.05"]
[Round "8.127"]
[White "Nielsen, Palle"]
[Black "Hojgard, Brandur"]
[Result "1-0"]
[WhiteElo "1824"]
[BlackElo "1480"]
[PlyCount "57"]
[EventDate "2011.??.??"]
[WhiteTeam "Helsingør"]
[BlackTeam "TT Tofir"]

1. d4 d5 2. Nf3 Nf6 3. Bf4 e6 4. a3 Bd6 5. Bxd6 cxd6 6. e3 Bd7 7. Nbd2 Nc6 8.
c4 Ne7 9. b4 a6 10. Bd3 O-O 11. O-O Rc8 12. c5 dxc5 13. dxc5 Qc7 14. h3 e5 15.
Be2 Rcd8 16. Nh2 Ng6 17. Ndf3 Qc8 18. Kh1 Kh8 19. Ng1 Be6 20. Qc2 Ne4 21. Qb2
Ng5 22. Bg4 f5 23. Bh5 Qc7 24. Bxg6 hxg6 25. Ngf3 Nxf3 26. Nxf3 d4 27. exd4
exd4 28. Rfe1 Qf7 29. Ng5 1-0

[Event "Politiken Cup 2011"]
[Site "Helsingor"]
[Date "2011.08.05"]
[Round "8.128"]
[White "Nielsen, Peter"]
[Black "Brobakken, Sindre"]
[Result "1-0"]
[WhiteElo "1802"]
[BlackElo "1317"]
[PlyCount "53"]
[EventDate "2011.??.??"]
[WhiteTeam "Enkeltmedlem"]
[BlackTeam "Hamar"]

1. e4 d5 2. exd5 Qxd5 3. Nc3 Qa5 4. Bc4 Bf5 5. d3 c6 6. Bd2 Qc7 7. Qe2 Nd7 8.
h3 h5 9. Nf3 e6 10. Nd4 O-O-O 11. Nxf5 exf5 12. f4 Bd6 13. Rf1 Nb6 14. Bb3 Nf6
15. O-O-O Rhe8 16. Qf3 Re7 17. g3 Rde8 18. Rde1 Kb8 19. Rxe7 Rxe7 20. Re1 Rxe1+
21. Bxe1 Qe7 22. Bf2 Nbd7 23. Qe3 Qxe3+ 24. Bxe3 Bc5 25. Bxc5 Nxc5 26. Bxf7 Kc7
27. Bg6 1-0

[Event "Politiken Cup 2011"]
[Site "Helsingor"]
[Date "2011.08.05"]
[Round "8.129"]
[White "Skovle, Lars"]
[Black "Henningsson, Hjalte Skov"]
[Result "0-1"]
[WhiteElo "1656"]
[BlackElo "1794"]
[PlyCount "66"]
[EventDate "2011.??.??"]
[WhiteTeam "Helsinge"]
[BlackTeam "Øbro"]

1. e4 c6 2. Nf3 d5 3. e5 Bf5 4. d4 e6 5. Bd3 Bxd3 6. Qxd3 Nd7 7. b3 Qb6 8. O-O
Rc8 9. Ba3 c5 10. Nc3 c4 11. Bxf8 cxd3 12. Na4 Kxf8 13. Nxb6 Nxb6 14. cxd3 Ke7
15. Rac1 Nh6 16. Rc5 Nd7 17. Rb5 b6 18. a4 Rc3 19. h3 f6 20. g4 Nf7 21. a5 fxe5
22. axb6 axb6 23. Nxe5 Nfxe5 24. dxe5 Rhc8 25. f4 Rxd3 26. Kg2 Rc2+ 27. Rf2
Rxf2+ 28. Kxf2 Rxh3 29. f5 Rd3 30. fxe6 Kxe6 31. Ke2 Rd4 32. Kf3 Kxe5 33. Kg3
Kd6 0-1

[Event "Politiken Cup 2011"]
[Site "Helsingor"]
[Date "2011.08.05"]
[Round "8.130"]
[White "Abildgaard, Kim"]
[Black "Christophersen, David"]
[Result "0-1"]
[WhiteElo "1446"]
[BlackElo "1777"]
[PlyCount "88"]
[EventDate "2011.??.??"]
[WhiteTeam "Dragsholm"]
[BlackTeam "Allerød"]

1. e4 c5 2. Nc3 Nc6 3. Nf3 Nf6 4. b3 e6 5. Bb2 a6 6. Be2 d5 7. exd5 exd5 8. d4
cxd4 9. Nxd4 Bc5 10. Nxc6 bxc6 11. O-O O-O 12. Bf3 Re8 13. Ne2 Ra7 14. Bd4 Bxd4
15. Qxd4 Rae7 16. Ng3 Qc7 17. b4 Re5 18. Rac1 Bb7 19. a3 a5 20. c3 Ba6 21. Rfd1
Qe7 22. h3 h5 23. Nf1 Ne4 24. Re1 Bxf1 25. Rxf1 Ng5 26. Bd1 Re4 27. Qd2 Rh4 28.
Bc2 f6 29. Qd3 Qd6 30. Rce1 Rf8 31. Re3 axb4 32. axb4 f5 33. Rfe1 Qg6 34. Rg3
Qf6 35. Rge3 f4 36. Re5 f3 37. Rf5 Nxh3+ 38. Kf1 fxg2+ 39. Kxg2 Nf4+ 40. Rxf4
Rxf4 41. Qh7+ Kf7 42. Bg6+ Qxg6+ 43. Qxg6+ Kxg6 44. Re6+ R8f6 0-1

[Event "Politiken Cup 2011"]
[Site "Helsingor"]
[Date "2011.08.05"]
[Round "8.144"]
[White "Brastein, Ragner"]
[Black "Nielsen, Leo"]
[Result "0-1"]
[WhiteElo "1000"]
[BlackElo "1775"]
[PlyCount "70"]
[EventDate "2011.??.??"]
[WhiteTeam "Sandness"]
[BlackTeam "Helsingør"]

1. d4 d5 2. Nf3 g6 3. Bf4 Bg7 4. e3 c5 5. c3 cxd4 6. exd4 Nc6 7. Bd3 Bg4 8. h3
Bxf3 9. Qxf3 Nf6 10. O-O Qb6 11. b3 O-O 12. Qe3 Nd7 13. Nd2 e5 14. dxe5 Qxe3
15. Bxe3 Ndxe5 16. Be2 Rad8 17. Rad1 Rd7 18. c4 d4 19. Bf4 Rfd8 20. Ne4 d3 21.
Bg4 f5 22. Nc5 fxg4 23. Nxd7 Rxd7 24. hxg4 Nxg4 25. Rfe1 Bd4 26. Bg3 Bb6 27. a3
a5 28. Re4 h5 29. Rd2 Nd4 30. b4 Ne2+ 31. Kf1 Nxg3+ 32. fxg3 Be3 33. Rd1 axb4
34. axb4 Nf2 35. Re1 Nxe4 0-1

[Event "Politiken Cup 2011"]
[Site "Helsingor"]
[Date "2011.08.05"]
[Round "8.136"]
[White "Ostby, Martin Bergsjo"]
[Black "Christiansen, Niels Jorgen"]
[Result "1-0"]
[WhiteElo "1288"]
[BlackElo "1768"]
[PlyCount "73"]
[EventDate "2011.??.??"]
[WhiteTeam "Oslo Schackselskab"]
[BlackTeam "Helsinge"]

1. e4 e5 2. Nf3 Nc6 3. Bc4 Nf6 4. d3 Bc5 5. Nc3 h6 6. a3 d6 7. h3 a6 8. Be3
Bxe3 9. fxe3 Na5 10. Ba2 c5 11. O-O b5 12. Nd5 c4 13. Nxf6+ Qxf6 14. Nd2 Qg6
15. Qf3 O-O 16. dxc4 bxc4 17. Nxc4 Nxc4 18. Bxc4 Be6 19. Bd3 a5 20. a4 Qg5 21.
b3 Qd8 22. Bb5 Qc7 23. c4 Qc5 24. Rfd1 Rad8 25. Rd3 f5 26. exf5 Rxf5 27. Qc6
Qb4 28. Qb6 Rff8 29. Rad1 Bf5 30. Rxd6 Rxd6 31. Rxd6 Qe1+ 32. Kh2 Kh7 33. Qc5
Rc8 34. Qxe5 Qf2 35. Bd7 Bxd7 36. Rxd7 Rf8 37. Qxg7# 1-0

[Event "Politiken Cup 2011"]
[Site "Helsingor"]
[Date "2011.08.05"]
[Round "8.131"]
[White "Maechel, Michael"]
[Black "Kyrkjebo, Marte B"]
[Result "1-0"]
[WhiteElo "1756"]
[BlackElo "1522"]
[PlyCount "99"]
[EventDate "2011.??.??"]
[WhiteTeam "Helsingør"]
[BlackTeam "Stavenger"]

1. e4 e5 2. Nf3 Nc6 3. Bb5 a6 4. Ba4 Nf6 5. O-O b5 6. Bb3 Be7 7. Re1 d6 8. c3
O-O 9. h3 Na5 10. Bc2 c5 11. d4 Qc7 12. d5 Nc4 13. b3 Nb6 14. Nbd2 Bb7 15. c4
bxc4 16. bxc4 a5 17. a4 Ba6 18. Bd3 Rab8 19. Qc2 Qd7 20. Nb3 Nxa4 21. Nxa5 Nb6
22. Nc6 Ra8 23. Bg5 Rfe8 24. Reb1 Qc7 25. Qb3 Nbd7 26. Ra2 Nb8 27. Nxe7+ Qxe7
28. Rba1 h6 29. Bxf6 Qxf6 30. Qb6 Re7 31. Rxa6 Nxa6 32. Rxa6 Rxa6 33. Qxa6 Re8
34. Qa7 Qf4 35. Qd7 Ra8 36. Qxd6 Ra1+ 37. Bf1 Qc1 38. Nh2 Qxc4 39. Qxe5 Qe2 40.
Qxa1 Qxe4 41. d6 Qc6 42. Qe5 c4 43. Qe7 c3 44. Bd3 g6 45. Bc2 Qa6 46. d7 Qa1+
47. Nf1 Qc1 48. d8=Q+ Kg7 49. Qf6+ Kh7 50. Qdh8# 1-0

[Event "Politiken Cup 2011"]
[Site "Helsingor"]
[Date "2011.08.05"]
[Round "8.137"]
[White "Wahlgren, Christer"]
[Black "Elzubeir, Omar"]
[Result "1-0"]
[WhiteElo "1745"]
[BlackElo "1497"]
[PlyCount "59"]
[EventDate "2011.??.??"]
[WhiteTeam "Eslov"]
[BlackTeam "Frederiksværk"]

1. d4 g6 2. c4 Bg7 3. e4 d6 4. Nc3 c5 5. d5 Nf6 6. g3 Bg4 7. f3 Bd7 8. Bg2 O-O
9. Nge2 Qb6 10. O-O Na6 11. h3 Rfd8 12. f4 Qb4 13. Qd3 Ne8 14. g4 Qb6 15. f5
Nb4 16. Qf3 f6 17. fxg6 hxg6 18. h4 Qa6 19. h5 gxh5 20. gxh5 Nc2 21. Qg3 Kf8
22. h6 Bh8 23. Nf4 Qxc4 24. Ng6+ Kg8 25. Ne5+ Kh7 26. Nxc4 Nxa1 27. e5 dxe5 28.
Nxe5 Ng7 29. Qg6+ Kg8 30. h7+ 1-0

[Event "Politiken Cup 2011"]
[Site "Helsingor"]
[Date "2011.08.05"]
[Round "8.138"]
[White "Asmund, Erik"]
[Black "Petersen, Jan"]
[Result "1/2-1/2"]
[WhiteElo "1739"]
[BlackElo "1396"]
[PlyCount "45"]
[EventDate "2011.??.??"]
[WhiteTeam "Gråsten"]
[BlackTeam "Helsingør"]

1. e4 e6 2. d4 d5 3. e5 c5 4. c3 Nc6 5. Bb5 Bd7 6. Bxc6 bxc6 7. Ne2 cxd4 8.
cxd4 c5 9. O-O cxd4 10. Nxd4 Qb6 11. b3 Bc5 12. Be3 Ne7 13. Re1 Nc6 14. Nxc6
Bxc6 15. Bxc5 Qxc5 16. Nd2 O-O 17. Rc1 Qb6 18. Nf3 Rfc8 19. Nd4 Bb7 20. Qd2 a5
21. a4 Ba6 22. g3 Qb4 23. Qe3 1/2-1/2

[Event "Politiken Cup 2011"]
[Site "Helsingor"]
[Date "2011.08.05"]
[Round "8.139"]
[White "Rasmussen, Arne"]
[Black "Wallin, Kenneth"]
[Result "1/2-1/2"]
[WhiteElo "1409"]
[BlackElo "1710"]
[PlyCount "77"]
[EventDate "2011.??.??"]
[WhiteTeam "Ishøj"]
[BlackTeam "HASK Helsingborg"]

1. d4 Nf6 2. Nf3 e6 3. e3 c5 4. c3 Nc6 5. a3 a6 6. Nbd2 b5 7. b3 Bb7 8. Bb2 Qb6
9. Be2 d6 10. O-O Be7 11. h3 O-O 12. Qc2 Rac8 13. Qb1 Rfd8 14. Rd1 Rd7 15. b4
Nb8 16. e4 cxd4 17. cxd4 Rdc7 18. Bd3 h6 19. d5 e5 20. Qa2 Nh5 21. Rac1 Nf4 22.
Bf1 f5 23. g3 fxe4 24. gxf4 exf3 25. Nxf3 Rc2 26. Rxc2 Rxc2 27. Rd2 Rxd2 28.
Nxd2 Bh4 29. Ne4 exf4 30. Be2 Qc7 31. Bc3 Qf7 32. Nxd6 Qg6+ 33. Bg4 Qxd6 34.
Be6+ Kh8 35. Qc2 Qf8 36. Qe4 Bf6 37. Qxf4 Nc6 38. dxc6 Bxc6 39. Bxf6 1/2-1/2

[Event "Politiken Cup 2011"]
[Site "Helsingor"]
[Date "2011.08.05"]
[Round "8.140"]
[White "Clausen, Hansjorgen"]
[Black "Skjølås, Erling Dyrhaug"]
[Result "1/2-1/2"]
[WhiteElo "1675"]
[BlackElo "1000"]
[PlyCount "102"]
[EventDate "2011.??.??"]
[WhiteTeam "Gråsten"]
[BlackTeam "Stavanger"]

1. d4 e6 2. c4 d5 3. e3 Nf6 4. Nf3 Be7 5. Nc3 O-O 6. Be2 c6 7. O-O Nbd7 8. a3
a5 9. Bd2 b6 10. Qc2 Bb7 11. Rac1 Qc7 12. cxd5 exd5 13. Bd3 Rfe8 14. Rfe1 Rac8
15. Qb3 Qd6 16. Bf5 g6 17. Bh3 Bd8 18. g3 Ne4 19. Nxe4 dxe4 20. Ne5 Re7 21.
Nxd7 Rxd7 22. Bxd7 Qxd7 23. Qc4 b5 24. Qf1 Bb6 25. Bc3 a4 26. h4 Ba6 27. Qg2
Qd5 28. Qh3 c5 29. dxc5 Qxc5 30. Bd4 Qxc1 31. Rxc1 Rxc1+ 32. Kg2 b4 33. Qd7
Bf1+ 34. Kh2 Bxd4 35. Qxd4 bxa3 36. bxa3 Rc4 37. Qd8+ Kg7 38. Qe7 Bd3 39. g4
Kg8 40. Kg3 Be2 41. Kf4 h6 42. Qd8+ Kg7 43. Qd2 Bd3 44. Qb2+ Kh7 45. Qf6 Kg8
46. f3 exf3+ 47. Kxf3 Bc2 48. Qd8+ Kg7 49. Qd5 Be4+ 50. Qxe4 Rxe4 51. Kxe4 Kf6
1/2-1/2

[Event "Politiken Cup 2011"]
[Site "Helsingor"]
[Date "2011.08.05"]
[Round "8.141"]
[White "Bratteteig, Tore-Inge"]
[Black "Haukenes, Jonas"]
[Result "1-0"]
[WhiteElo "1671"]
[BlackElo "1000"]
[PlyCount "63"]
[EventDate "2011.??.??"]
[WhiteTeam "Masfjorden"]
[BlackTeam "Hamar"]

1. d4 g6 2. c4 Bg7 3. Nf3 Nf6 4. Nc3 d6 5. g3 Bg4 6. Bg2 O-O 7. h3 Bf5 8. O-O
Nbd7 9. Re1 e6 10. e4 Bxe4 11. Nxe4 Nxe4 12. Rxe4 d5 13. cxd5 exd5 14. Re2 Re8
15. Bg5 Bf6 16. Rxe8+ Qxe8 17. Bxf6 Nxf6 18. Qe1 Qxe1+ 19. Rxe1 Ne4 20. h4 Nf6
21. Re7 Rc8 22. Bh3 Rd8 23. Rxc7 Re8 24. Ne5 Rb8 25. Nxf7 a6 26. Ne5 b5 27. Nd7
Nxd7 28. Rxd7 Kf8 29. Rxh7 Rd8 30. Rh8+ Ke7 31. Rxd8 Kxd8 32. Bg2 1-0

[Event "Politiken Cup 2011"]
[Site "Helsingor"]
[Date "2011.08.05"]
[Round "8.145"]
[White "Thingstad, Tormod"]
[Black "Larsen, Poul M"]
[Result "0-1"]
[WhiteElo "1144"]
[BlackElo "1653"]
[PlyCount "116"]
[EventDate "2011.??.??"]
[WhiteTeam "Hønefoss"]
[BlackTeam "Haslev"]

1. c4 e6 2. Nc3 Nf6 3. g3 d5 4. cxd5 exd5 5. Bg2 c6 6. Nf3 Bd6 7. O-O O-O 8. a3
a5 9. d3 Re8 10. Bg5 Nbd7 11. Re1 Qc7 12. Nd4 h6 13. Bd2 Ne5 14. Rc1 Be6 15.
Ncb5 Qe7 16. Nxd6 Qxd6 17. Bf4 Nh5 18. Bxe5 Qxe5 19. Nxe6 Rxe6 20. d4 Qf5 21.
e3 Nf6 22. Bf3 Ne4 23. Rc2 Qf6 24. Bg4 Re7 25. f3 Nd6 26. a4 Rae8 27. Qd3 Nc4
28. Kf2 Qg5 29. h4 Qf6 30. Rce2 Nd6 31. h5 Ne4+ 32. Kg2 Nd6 33. Qc3 Qg5 34. Kh3
f5 35. Bxf5 Nxf5 36. g4 Nxe3 37. Qxa5 Nc4 38. Rxe7 Nxa5 39. Rxe8+ Kf7 40. R8e5
Qf6 41. Kg3 Nc4 42. Re6 Qxe6 43. Rxe6 Kxe6 44. b3 Nd2 45. b4 Nb3 46. Kf2 Nxd4
47. Ke3 Nc2+ 48. Kd3 Nxb4+ 49. Kd4 Kd6 50. f4 Ke6 51. g5 Kf5 52. gxh6 gxh6 53.
Ke3 Na6 54. Kf3 b6 55. Ke3 Nc5 56. Kd4 Nxa4 57. Ke3 c5 58. Kf3 b5 0-1

[Event "Politiken Cup 2011"]
[Site "Helsingor"]
[Date "2011.08.05"]
[Round "8.142"]
[White "Merkesvik, Frode"]
[Black "Nielsen, Bjørn"]
[Result "1-0"]
[WhiteElo "1112"]
[BlackElo "1619"]
[PlyCount "65"]
[EventDate "2011.??.??"]
[WhiteTeam "Bergen"]
[BlackTeam "KS"]

1. e4 e5 2. Nf3 Nc6 3. Bb5 a6 4. Ba4 Nf6 5. d3 Be7 6. Bxc6 dxc6 7. Nxe5 O-O 8.
Nf3 Bg4 9. h3 Bh5 10. b3 h6 11. Bb2 Bb4+ 12. Bc3 Bxc3+ 13. Nxc3 Nd7 14. Qd2 Re8
15. O-O-O b6 16. Rde1 c5 17. g4 Bg6 18. g5 h5 19. Nd5 Re6 20. h4 c6 21. Nf4 Rd6
22. e5 Rd5 23. Nxd5 cxd5 24. e6 Nb8 25. Ne5 Bf5 26. exf7+ Kf8 27. g6 Nd7 28.
Nxd7+ Bxd7 29. Qg5 Qxg5+ 30. hxg5 Bf5 31. Rxh5 Bxg6 32. Rh8+ Kxf7 33. Rxa8 1-0